[Event "Pribina - TPK Cup   Mistrovství ÈR junio"]
[Site "Havlíèkùv Brod - hotel Slunce"]
[Date "2012.11.29"]
[Round "7.32"]
[White "Steinhauser, Václav"]
[Black "Steinhauserová, Anna"]
[Result "0-1"]
[WhiteElo "1534"]
[BlackElo "1821"]
[PlyCount "74"]
[EventDate "2012.11.25"]

1. e4 e5 2. d4 exd4 3. Qxd4 Nc6 4. Qe3 Be7 5. Bd2 Nf6 6. Nc3 O-O 7. O-O-O d5 8.
exd5 Nxd5 9. Qg3 Bh4 10. Qf3 Be6 11. Be3 Nxc3 12. Rxd8 Nxa2+ 13. Kb1 Raxd8 14.
Be2 Nab4 15. Nh3 Rfe8 16. Nf4 Bf5 17. Rc1 g6 18. g4 Be4 19. Qh3 Bf6 20. Bf3
Bxf3 21. Qxf3 Ne5 22. Qe2 c5 23. Rh1 c4 24. h4 Nd5 25. Nxd5 Rxd5 26. f4 Nd3 27.
Qf3 Rb5 28. cxd3 Rxb2+ 29. Kc1 cxd3 30. g5 Rc8+ 31. Kd1 Rcc2 32. Ke1 Rb1+ 33.
Qd1 Bc3+ 34. Bd2 Bxd2+ 35. Kf2 Rxd1 36. Rxd1 Bxf4+ 37. Kf3 Rd2 0-1

[Event "Pribina - TPK Cup   Mistrovství ÈR junio"]
[Site "Havlíèkùv Brod - hotel Slunce"]
[Date "2012.11.29"]
[Round "7.33"]
[White "Tùma, Jan"]
[Black "Liduch, Filip"]
[Result "0-1"]
[WhiteElo "1738"]
[BlackElo "1697"]
[PlyCount "86"]
[EventDate "2012.11.25"]

1. e4 e5 2. Nf3 Nc6 3. Bb5 a6 4. Bxc6 dxc6 5. Nc3 f6 6. O-O Bd6 7. b3 Be6 8.
Bb2 Qd7 9. Ne2 O-O-O 10. d4 exd4 11. Nexd4 Ne7 12. Nxe6 Qxe6 13. Qe2 Rhe8 14.
Rfe1 Ng6 15. g3 c5 16. Qe3 h5 17. b4 b6 18. bxc5 Bxc5 19. Qe2 Kb7 20. a4 a5 21.
Ba3 Bxa3 22. Rxa3 Qg4 23. Rc3 Ne5 24. Nxe5 Qxe2 25. Rxe2 Rxe5 26. f4 Re6 27.
Rc4 Rc6 28. Rxc6 Kxc6 29. e5 f5 30. Kf2 b5 31. axb5+ Kxb5 32. e6 a4 33. Re5+ c5
34. Rxf5 a3 35. Rf7 Kb6 36. e7 Re8 37. Rf8 Rxe7 38. Ra8 Ra7 39. Rb8+ Ka5 40.
Rb1 a2 41. Ra1 Kb4 42. Ke3 Kc3 43. Ke4 Kxc2 0-1

[Event "Pribina - TPK Cup   Mistrovství ÈR junio"]
[Site "Havlíèkùv Brod - hotel Slunce"]
[Date "2012.11.29"]
[Round "7.35"]
[White "Zlámaná, Anna"]
[Black "Nosek, Jan"]
[Result "0-1"]
[WhiteElo "1484"]
[BlackElo "1706"]
[PlyCount "90"]
[EventDate "2012.11.25"]

1. e4 c6 2. d4 d5 3. Nc3 dxe4 4. Nxe4 Bf5 5. f3 Nd7 6. Bd3 Bg6 7. Ne2 Ngf6 8.
Bg5 e6 9. Nf4 Be7 10. Qe2 Bxe4 11. fxe4 Qa5+ 12. Qd2 Qxg5 13. e5 Nd5 14. g3
Nxf4 15. gxf4 Qh4+ 16. Ke2 Qg4+ 17. Ke3 Qh3+ 18. Ke2 Qg2+ 19. Ke3 Qxd2+ 20.
Kxd2 Nb6 21. Rhg1 g6 22. c4 Rd8 23. Ke3 c5 24. b3 cxd4+ 25. Kf3 Nd7 26. Rgd1 f6
27. Ke4 fxe5 28. fxe5 Nc5+ 29. Kf3 O-O+ 30. Ke2 Bh4 31. Rf1 Rxf1 32. Rxf1 Rf8
33. Rxf8+ Kxf8 34. h3 Bg3 35. Bc2 Bxe5 36. b4 d3+ 37. Bxd3 Nxd3 38. Kxd3 Ke7
39. Ke4 Kf6 40. b5 b6 41. a3 Bd6 42. a4 Bc5 43. Kf4 g5+ 44. Ke4 h5 45. Kf3 Kf5
0-1

[Event "Pribina - TPK Cup   Mistrovství ÈR junio"]
[Site "Havlíèkùv Brod - hotel Slunce"]
[Date "2012.11.29"]
[Round "7.36"]
[White "Zemková, Klára"]
[Black "Valterová, Veronika"]
[Result "1-0"]
[WhiteElo "1702"]
[BlackElo "1339"]
[PlyCount "45"]
[EventDate "2012.11.25"]

1. e4 e5 2. f4 d5 3. exd5 e4 4. d3 Nf6 5. Nc3 Bc5 6. Nxe4 Qe7 7. Qe2 O-O 8. Be3
Nbd7 9. Nxc5 Nxc5 10. Bd4 Qd6 11. O-O-O Bd7 12. h3 Rfe8 13. Qf2 Qxd5 14. c4
Nb3+ 15. axb3 Qa5 16. Kb1 Qb4 17. Qc2 Bf5 18. g4 Bd7 19. Be2 Bc6 20. Bf3 Bxf3
21. Nxf3 a5 22. Qc3 Qd6 23. Be5 1-0

[Event "Pribina - TPK Cup   Mistrovství ÈR junio"]
[Site "Havlíèkùv Brod - hotel Slunce"]
[Date "2012.11.29"]
[Round "7.37"]
[White "Babièka, Michal"]
[Black "Suchomel, Jan"]
[Result "1-0"]
[WhiteElo "1700"]
[BlackElo "1435"]
[PlyCount "51"]
[EventDate "2012.11.25"]

1. c4 g6 2. Nc3 Bg7 3. g3 d6 4. Bg2 e5 5. e3 Ne7 6. Nge2 c6 7. d4 Qc7 8. O-O
O-O 9. b3 f5 10. dxe5 dxe5 11. Bb2 Be6 12. Qc2 Nd7 13. Rad1 Rf7 14. Rd2 Raf8
15. Rfd1 Nc8 16. f4 exf4 17. Nxf4 Re8 18. Nxe6 Rxe6 19. e4 Rfe7 20. exf5 gxf5
21. Qxf5 Qb6+ 22. Qf2 Qc7 23. Bh3 Rf6 24. Qg2 Qb6+ 25. Kh1 Nd6 26. Na4 1-0

[Event "Pribina - TPK Cup   Mistrovství ÈR junio"]
[Site "Havlíèkùv Brod - hotel Slunce"]
[Date "2012.11.29"]
[Round "7.40"]
[White "Tobišková, Petra"]
[Black "Kaser, Jiøí"]
[Result "0-1"]
[WhiteElo "1515"]
[BlackElo "1758"]
[PlyCount "70"]
[EventDate "2012.11.25"]

1. d4 d5 2. Nf3 Nc6 3. Bf4 Nf6 4. e3 Nh5 5. Bg3 Nxg3 6. hxg3 Bg4 7. Be2 Qd6 8.
c3 O-O-O 9. Qc2 h6 10. Nbd2 f6 11. O-O-O e5 12. Nb3 e4 13. Nh2 Bxe2 14. Qxe2
Qe6 15. Qb5 a6 16. Qe2 h5 17. Nf1 g6 18. Nfd2 f5 19. Kb1 Be7 20. c4 dxc4 21.
Nxc4 Nb4 22. Ne5 Kb8 23. Rhf1 c5 24. Qc4 Qxc4 25. Nxc4 Nd3 26. Rd2 Kc7 27. Rc2
b5 28. Ncd2 c4 29. Na1 Kd6 30. f3 Kd5 31. fxe4+ fxe4 32. Rf7 Bg5 33. Nf1 Rhf8
34. Rxf8 Rxf8 35. Nh2 Bxe3 0-1

[Event "Pribina - TPK Cup   Mistrovství ÈR junio"]
[Site "Havlíèkùv Brod - hotel Slunce"]
[Date "2012.11.29"]
[Round "7.2"]
[White "Rubeš, Jan"]
[Black "Macháò, Jan"]
[Result "1/2-1/2"]
[WhiteElo "2130"]
[BlackElo "2078"]
[PlyCount "96"]
[EventDate "2012.11.25"]

1. e4 e6 2. d3 d5 3. Nd2 Nf6 4. Ngf3 c5 5. g3 Nc6 6. Bg2 g6 7. O-O Bg7 8. exd5
Nxd5 9. Ne4 b6 10. Bg5 f6 11. Bd2 O-O 12. Re1 e5 13. Nc3 Nde7 14. a3 Be6 15. b4
Rc8 16. bxc5 bxc5 17. Rb1 Nd4 18. Ne4 Nd5 19. c4 Nxf3+ 20. Qxf3 Nb6 21. Rb5 f5
22. Nxc5 Bxc4 23. dxc4 Qxd2 24. Rd1 Qc2 25. Ne6 e4 26. Qb3 Qxb3 27. Rxb3 Rf6
28. Nxg7 Kxg7 29. Bf1 Rfc6 30. a4 R8c7 31. Rb4 a5 32. Rb5 Nxa4 33. Ra1 Nb6 34.
Rbxa5 Nxc4 35. Bxc4 Rxc4 36. Ra7 Kf6 37. Rxc7 Rxc7 38. h4 f4 39. gxf4 Kf5 40.
h5 Kxf4 41. hxg6 Rg7 42. Ra8 Rxg6+ 43. Kf1 Rf6 44. Rh8 h6 45. Ke2 Re6 46. Rf8+
Kg4 47. Rg8+ Kh4 48. f4 e3 1/2-1/2

[Event "Pribina - TPK Cup   Mistrovství ÈR junio"]
[Site "Havlíèkùv Brod - hotel Slunce"]
[Date "2012.11.29"]
[Round "7.7"]
[White "Seidl, Štìpán"]
[Black "Èáp, Adam"]
[Result "1/2-1/2"]
[WhiteElo "2185"]
[BlackElo "2028"]
[PlyCount "72"]
[EventDate "2012.11.25"]

1. Nf3 Nf6 2. g3 g6 3. b3 Bg7 4. Bb2 O-O 5. d4 d5 6. Bg2 Bf5 7. Nh4 Be6 8. O-O
Qd7 9. c4 Bh3 10. cxd5 Bxg2 11. Nxg2 Nxd5 12. e4 Nb6 13. Qd2 e6 14. Rd1 Rd8 15.
a4 a5 16. Ne3 Nc6 17. d5 Ne5 18. Bxe5 Bxe5 19. Ra2 exd5 20. exd5 c6 21. dxc6
Qxc6 22. Qxd8+ Rxd8 23. Rxd8+ Kg7 24. Rc2 Qe6 25. Nd2 h5 26. Ndc4 Nxc4 27. Rxc4
h4 28. Rd3 hxg3 29. hxg3 Bb8 30. Kg2 Ba7 31. Nd5 Qf5 32. Rd2 Qb1 33. Rc3 Qe1
34. Rcd3 Qe4+ 35. Kg1 Qe1+ 36. Kg2 Qe4+ 1/2-1/2